| 000 | 00471nam a2200193Ia 4500 | ||
|---|---|---|---|
| 005 | 20250423100947.0 | ||
| 008 | 250422s9999 xx 000 0 und d | ||
| 020 | _a9780070260641 | ||
| 050 | _aTJ 810 .S85/ | ||
| 100 | _aSukhatme, S.P. | ||
| 245 | 0 | _aSolar energy : principle of thermal collection and storage | |
| 250 | _a3rd ed. | ||
| 260 | _aNew Delhi | ||
| 260 | _bMcGraw-Hill | ||
| 260 | _c2008 | ||
| 300 | _a431 p | ||
| 650 | _aEngineering | ||
| 942 | _cBK | ||
| 999 |
_c34864 _d34864 |
||